Toda sua / (Record no. 185)

MARC details
000 -LÍDER
campo de controle de tamanho fixo 01614nam a2200325 4500
001 - NÚMERO DE CONTROLE
campo de controle 185
003 - IDENTIFICADOR DO NÚMERO DE CONTROLE
campo de controle OSt
005 - DATA E HORÁRIO DA ÚLTIMA TRANSAÇÃO
campo de controle 20250528074014.0
008 - CAMPO DE DADOS FIXOS--INFORMAÇÃO GERAL
campo de controle de tamanho fixo 250131b |||||||e |||| 00| 1 eng d
020 ## - ISBN - INTERNATIONAL STANDARD BOOK NUMBER
ISBN - International Standard Book Number 9788565530361
040 ## - FONTE DA CATALOGAÇÃO
Idioma da catalogação por
041 ## - CÓDIGO DE IDIOMA
Código do idioma do original e/ou traduções intermediárias do texto eng
Código do idioma do texto/trilha sonora ou título diferente por
082 ## - CDD - CLASSIFICAÇÃO DECIMAL DE DEWEY
Número de Classificação 813
Número do exemplar D273t
100 1# - ENTRADA PRINCIPAL--NOME PESSOAL
Nome pessoal Day, Sylvia
Datas associadas ao nome 1973-
9 (RLIN) 345
240 ## - TÍTULO UNIFORME
Título uniforme Bared to you
245 ## - TÍTULO
Título Toda sua /
Indicação de responsabilidade, etc. Day, Sylvia ; Tradução de Alexandre Boide
260 ## - PUBLICAÇÃO, DISTRIBUIÇÃO, ETC.
Local de publicação, distribuição, etc. São Paulo
Nome do editor, distribuidor, etc. Paralela
Data da publicação, distribuição, etc. 2013
300 ## - DESCRIÇÃO FÍSICA
Extensão 334 p.
490 1# - TÍTULO DA SÉRIE
Título da série Crossfire
Número do volume ou designação sequencial da série Livro 01
500 ## - NOTA GERAL
Nota geral Toda sua
520 ## - NOTA DE RESUMO, ETC.
Resumo, etc. Eva Tramell tem 24 anos e acaba de conseguir um emprego em uma das maiores agências de publicidade dos Estados Unidos. Tudo parece correr de acordo com o plano, até que ela conhece o jovem bilionário Gideon Cross, o homem mais sexy que ela - e provavelmente qualquer outra pessoa - já viu. Gideon imediatamente se interessa por Eva, que faz tudo o que pode para resistir à tentação. Mas ele é lindo, forte, rico, bem-sucedido, poderoso e sempre consegue o que quer - Eva acaba se entregando.<br/><br/>Uma relação intensa começa. O sexo é considerado por eles como incrível. Capaz de levar os dois a extremos a que jamais tinham chegado. E, então, eles se apaixonam - o que pode ser tanto a chave para um futuro feliz quanto a faísca que trará de volta os traumas do passado.
650 #0 - ASSUNTO--TERMO TÓPICO
Cabeçalho tópico ou nome geográfico Literatura Americana
9 (RLIN) 84
650 #0 - ASSUNTO--TERMO TÓPICO
Cabeçalho tópico ou nome geográfico Amor e Paixão
9 (RLIN) 25
650 #0 - ASSUNTO--TERMO TÓPICO
Cabeçalho tópico ou nome geográfico Erótico
9 (RLIN) 305
655 #0 - TERMO DE ÍNDICE--GÊNERO E FORMA
Gênero/forma/ou termo foco Romance
655 #0 - TERMO DE ÍNDICE--GÊNERO E FORMA
Gênero/forma/ou termo foco Ficção
700 ## - ENTRADA ADICIONADA - NOME PESSOAL
Nome pessoal Alexandre Boidi
Função do autor por extenso Tradutor
9 (RLIN) 248
830 ## - ENTRADA SECUNDÁRIA DE SÉRIE--TÍTULO UNIFORME
Título uniforme Crossfire
Número do volume ou designação sequencial da série Livro 01
9 (RLIN) 346
942 ## - ELEMENTOS DE ENTRADA ADICIONADOS (KOHA)
Fonte de classificação ou esquema de arquivamento Classificação decimal de Dewey
Ocultar no OPAC Não
Tipo de material Koha Livros
Holdings
Situação do descarte Situação das perdas Fonte de classificação ou esquema de arquivamento Materiais especificados (volume encadernado ou outra parte) Status danificado Não pode ser emprestado Coleção Biblioteca de origem Biblioteca atual Localização na estante Data de aquisição Fonte de aquisição Total de empréstimos Número de chamada completo Código de barras Data de último acesso Data do preço efetivo Tipo de material Koha
    Classificação decimal de Dewey vol. 01     Ficção Biblioteca Professor Eduardo Afonso de Castro Biblioteca Professor Eduardo Afonso de Castro Literatura Estrangeira 21.03.2014 doação   813 / D273t 2025-14864 31.01.2025 31.01.2025 Livros

Powered by Koha